000 00732nam a2200205Ia 4500
001 114258
003 DR-UNIBE
005 20260113112029.0
008 251202b2010 dr ||||| |||| 00| 0 spa d
040 _cBIBLIOTECA UNIBE
_aBIBLIOTECA UNIBE
_erda
041 _aspa
_hspa
082 _aF-RD 6023
090 _aRD-F 2502
245 1 0 _aLey no. 89-05 que crea el Colegio Dominicano de notarios
260 _aSanto Domingo :
_bComisionado de Apoyo a la Reforma y Modernización de la Justicia (CARMJ),
_c2010
300 _a14 páginas
650 7 _2lemb
_aNotarios
_xLegislación
_zRepública Dominicana
_9201609
650 7 _aColegio dominicano de notarios
_zRepública Dominicana
_9201610
942 _2ddc
_cMX
999 _c114258
_d114258